00679nam a2200157 a 450000100100000000500170001000800410002704000250006811000320009324500960012526000860022130000210030704900090032895201670033799900170050400002711420200930030618.0110329s1945 dr 000 0 spa d aDO-SdBNPbspacBNPHU2 aRepública Dominicana944710aMemoria de la Secretaría de Estado de Guerra y Marina :bcorrespondiente al año 1943 /. aCiudad Trujillo, República Dominicana :bEditora Luis Sánchez Andujar,c1945. a453 P. ;c24 cm. aBNPD 001050718RVaPDbPDcHDd2011-03-29iLF1l0o p27114-10r2020-06-25w2020-06-25y1zPerteneció a la biblioteca personal de Julio Ortega Frier.ZNo se presta c26606d26606